Zpráva o měnovém vývoji v České republice za období leden-září 1996

Enregistré dans:
Détails bibliographiques
Format: Livre
Langue:tchèque
Publié: Praha Česká národní banka [1996]
Édition:1. vyd.
Sujets:
Tags: Ajouter un tag
Pas de tags, Soyez le premier à ajouter un tag!

MARC

LEADER 00000nam a2200000 4500
001 c017607
005 20221205125818.5
041 0 |a cze 
044 |a CZ 
245 1 0 |a Zpráva o měnovém vývoji v České republice za období leden-září 1996 
250 |a 1. vyd. 
264 1 |a Praha  |b Česká národní banka  |c [1996] 
300 |a 83 s. 
610 2 0 |a vývoj menový 
610 2 0 |a Česko 
610 2 0 |a vývoj hospodársky 
610 2 0 |a bilancia platobná 
610 2 0 |a politika menová 
610 2 0 |a trh finančný 
610 2 0 |a banky 
610 2 0 |a porovnanie medzinárodné 
610 2 0 |a január-september 
610 2 0 |a 1996